000 01077cam a22003014a 4500
999 _c329382
_d329382
001 15420479
003 Nust
005 20170504111922.0
008 080821s2008 pk a 000 0 eng
010 _a 2008344375
020 _a9789694164052
025 _aP-E-2008344375; 19
040 _aDLC
_cDLC
042 _alcode
050 0 0 _aLB1029.M75
_bQ25 2008
082 _a370.1
_bQAI
100 1 _aQaiser, Nazir.
245 1 0 _aRealization of Iqbal's educational philosophy in montessori system /
_cNazir Qaiser.
250 _a1st ed.
260 _aLahore :
_bIqbal Academy Pakistan,
_c2008.
300 _a227 p. :
_bill. ;
_c22 cm.
504 _aIncludes bibliographical references (p. [223]-227).
600 1 0 _aIqbal, Muhammad,
_cSir,
_d1877-1938.
650 0 _aMontessori method of education.
650 0 _aEducation
_xPhilosophy.
710 2 _aIqbal Academy (Lahore, Pakistan)
906 _a7
_bcbc
_corigode
_d3
_encip
_f20
_gy-gencatlg
942 _2ddc
_cBK